Les pays plus grands que la France - Mort subite - Statistiques

Statistiques générales
  • Ce quiz a été pris 503 fois
  • Le résultat moyen est 3 sur 16
Answers on the Grid
Answers color-coded by a green-red scale on the quiz's grid according to % correct below.
Chine
Nigeria
Afghanistan
Somalie
Egypte
Tanzanie
Bolivie
Turquie
Espagne
Ukraine
Soudan du Sud
Colombie
Japon
Irak
Libye
Iran
Italie
Angola
Suède
Mali
Ethiopie
Cameroun
Maroc
Niger
Chili
Allemagne
Namibie
Zambie
Yémen
Cuba
 
Statistiques - réponses
Réponse % Correct
Chine
94%
Nigeria
34%
Egypte
24%
Turquie
19%
Iran
14%
Libye
11%
Colombie
9%
Mali
9%
Ethiopie
8%
Tanzanie
8%
Namibie
6%
Niger
6%
Bolivie
5%
Angola
4%
Chili
4%
Zambie
1%
Aucun quiz correspondant
Distribution des résultats
% des personnes avec chaque résultat
Percentile par nombre de réponses
Votre historique - résultats
Vous n’avez pas pris ce quiz